| 000 | 00560cam a22002175a 4500 | ||
|---|---|---|---|
| 001 | L140283 | ||
| 008 | 070914s2007 xxk f d 000 0 eng d | ||
| 020 | _a0951506633 | ||
| 035 | _a(Sirsi) u140283 | ||
| 041 | 0 | _aeng | |
| 050 | 0 | 4 | _a443 $2 18 |
| 100 | 1 | _aWhettem-Leysen, V | |
| 245 | 0 | 0 | _aEnglish-French dictionary of finance |
| 260 |
_aPurley _bAMCD _c1994 |
||
| 300 |
_a157p. _c15cm. |
||
| 350 | _a14.25 | ||
| 651 | 4 |
_aUnited Kingdom _y |
|
| 690 | _aMANAGEMENT-BUSINESS MANAGEMENT-FINANCIAL MANAGEMENT | ||
| 700 | 1 | _aStewart Adams, J | |
| 942 | _n0 | ||
| 999 |
_c107472 _d107472 |
||